000 02023nam0a2200409 4500
001 RU\NLR\bibl\1868443
005 20260406130128.0
010 _a978-5-02-037387-7
_91250
021 _aRU
_b2012-4921
_9356
035 _a(NLR Aleph) 001858301
090 _a2496330
_c2496330
100 _a20110415d2011 |||y0rusy50 ca
101 0 _arus
_afre
102 _aRU
105 _aa |||||||||
200 1 _aПереписка (1857-1903)
_fЛ.Н. Толстой и А.А. Толстая
_gподгот.: Н.И. Азарова [и др.
_gотв. ред.: Л.Д. Громова-Опульская, И.Г. Птушкина
_gРос. акад. наук]
210 _aМосква
_cНаука
_d2011
215 _a973, [1] с., [12] л. ил., портр.
_cил., факс.
_d22
225 1 _aЛитературные памятники
300 _aЧасть текста на фр. яз.
320 _aБиблиогр. в тексте прим.: с. 684-909
320 _aУказ. произведений Л.Н. Толстого: с. 912-914
320 _aУказ. имен и назв.: с. 915-953
327 1 _aВ кн. также: Эпистолярный роман-исповедь / Н.И. Азарова
600 1 _aТолстой
_bЛ. Н.
_f1828 - 1910
_gЛев Николаевич
_jПереписка
_91651221
_3RU\NLR\auth\66730813
686 _aШ5(2=Р)52-4Толстой13
700 1 _4070
_8rus
_7ca
_aТолстой
_bЛ. Н.
_f1828-1910
_gЛев Николаевич
_3RU\NLR\auth\771515
_9111537
701 1 _4070
_8rus
_7ca
_aТолстая
_bА. А.
_f1817-1904
_gАлександра Андреевна
_3RU\NLR\auth\7797988
_980914
702 1 _aАзарова
_bН. И.
_4220
702 1 _4340
_8rus
_7ca
_aОпульская
_bЛ. Д.
_f1925-2003
_gЛидия Дмитриевна
_3RU\NLR\auth\7710303
_9120082
801 0 _aRU
_bNLR
_c20110415
_gRCR
801 1 _aRU
_bNLR
_c20110415
942 _cBOOK
980 _aNB
980 _aNBR